[Event "English Open Championship"]
[Site "Kenilworth"]
[Date "2023.05.27"]
[Round "4.31"]
[White "Gibson, Christopher A"]
[Black "Patel, Zain"]
[Result "0-1"]
[WhiteElo "1836"]
[BlackElo "1949"]
[PlyCount "92"]
[EventDate "2023.05.26"]
[EventType "swiss"]
[EventRounds "7"]
[EventCountry "ENG"]
[SourceTitle "BritBase"]
[Source "John Saunders"]
[SourceDate "2023.05.30"]
[SourceVersion "1"]
[SourceVersionDate "2023.05.30"]
[SourceQuality "1"]

1. e4 c6 2. d4 d5 3. exd5 cxd5 4. c4 Nf6 5. Nc3 e6 6. Nf3 Be7 7. cxd5 Nxd5 8.
Bd3 O-O 9. O-O Nc6 10. a3 Bf6 11. Bc2 b6 12. Ne4 Be7 13. Qd3 f5 14. Nc3 Bf6 15.
Bb3 Nce7 16. Re1 Nc7 17. Bf4 Ned5 18. Bd2 Bb7 19. Rad1 Nxc3 20. bxc3 Be4 21.
Qe2 Qd6 22. Bc1 Qc6 23. Qc4 Bxf3 24. gxf3 Qd6 25. Qe2 Rae8 26. f4 Bd8 27. Rd3
Nd5 28. Qe5 Qd7 29. Qe2 Bc7 30. Rf3 b5 31. a4 bxa4 32. Ba2 Kh8 33. c4 Nf6 34.
Ba3 Rf7 35. Qd1 Ne4 36. d5 Ba5 37. dxe6 Qxe6 38. Ree3 Rd7 39. Qxa4 Bb6 40. c5
Qg6+ 41. Kf1 Red8 42. cxb6 Rd1+ 43. Re1 Rxe1+ 44. Kxe1 Qg1+ 45. Ke2 Rd2+ 46.
Ke3 Qe1# 0-1

[Event "English Open Championship"]
[Site "Kenilworth"]
[Date "2023.05.27"]
[Round "4.32"]
[White "Turner, Lewis A"]
[Black "Miller, George I"]
[Result "1-0"]
[WhiteElo "1807"]
[BlackElo "1849"]
[PlyCount "75"]
[EventDate "2023.05.26"]
[EventType "swiss"]
[EventRounds "7"]
[EventCountry "ENG"]
[SourceTitle "BritBase"]
[Source "John Saunders"]
[SourceDate "2023.05.30"]
[SourceVersion "1"]
[SourceVersionDate "2023.05.30"]
[SourceQuality "1"]

1. e4 c5 2. Nf3 g6 3. d4 cxd4 4. Nxd4 Bg7 5. c4 Nc6 6. Be3 Nf6 7. Nc3 Ng4 8.
Qxg4 Nxd4 9. Qd1 e5 10. Be2 O-O 11. O-O d6 12. Qd2 Be6 13. Rfd1 a6 14. b3 Rc8
15. Rac1 Kh8 16. Kh1 Qa5 17. Bf1 Bg4 18. Re1 Rfd8 19. Bg5 Re8 20. b4 Qxb4 21.
Rb1 Qa5 22. Rxb7 Be6 23. Nd5 Qxd2 24. Bxd2 Bxd5 25. exd5 Kg8 26. Reb1 Bf8 27.
a4 Kg7 28. a5 h5 29. R1b6 Ra8 30. Bg5 Rec8 31. Rd7 Rab8 32. c5 dxc5 33. Bf6+
Kh6 34. Rxf7 Rxb6 35. axb6 Rb8 36. b7 Bd6 37. h4 Nf5 38. Bg5# 1-0

[Event "English Open Championship"]
[Site "Kenilworth"]
[Date "2023.05.28"]
[Round "5.2"]
[White "Ghasi, Ameet K"]
[Black "Eggleston, David J"]
[Result "1-0"]
[WhiteElo "2496"]
[BlackElo "2353"]
[PlyCount "83"]
[EventDate "2023.05.26"]
[EventType "swiss"]
[EventRounds "7"]
[EventCountry "ENG"]
[SourceTitle "BritBase"]
[Source "John Saunders"]
[SourceDate "2023.05.30"]
[SourceVersion "1"]
[SourceVersionDate "2023.05.30"]
[SourceQuality "1"]

1. Nf3 Nf6 2. g3 d5 3. Bg2 e6 4. c4 Be7 5. O-O O-O 6. b3 d4 7. e3 c5 8. exd4
cxd4 9. Ne5 Nfd7 10. Nxd7 Qxd7 11. Ba3 Re8 12. d3 Nc6 13. Bxe7 Qxe7 14. a3 a5
15. Nd2 e5 16. Re1 Bf5 17. Ne4 Bg6 18. Qd2 h6 19. f4 exf4 20. gxf4 Rad8 21. Ng3
Qd7 22. b4 axb4 23. axb4 Re3 24. b5 Ne7 25. Rxe3 dxe3 26. Qxe3 Nf5 27. Nxf5
Qxf5 28. d4 Qd7 29. d5 Re8 30. Qd4 Re2 31. Bf3 Rc2 32. Bd1 Qh3 33. Bxc2 Qg4+
34. Kf2 Qh4+ 35. Ke3 Qh3+ 36. Kd2 Qxh2+ 37. Kc3 Qxc2+ 38. Kb4 Qf5 39. d6 Qd7
40. Rg1 h5 41. f5 Qxf5 42. d7 1-0

[Event "English Open Championship"]
[Site "Kenilworth"]
[Date "2023.05.28"]
[Round "5.3"]
[White "Hebden, Mark L"]
[Black "Okhai, Shabir"]
[Result "1/2-1/2"]
[WhiteElo "2434"]
[BlackElo "2144"]
[PlyCount "77"]
[EventDate "2023.05.26"]
[EventType "swiss"]
[EventRounds "7"]
[EventCountry "ENG"]
[SourceTitle "BritBase"]
[Source "John Saunders"]
[SourceDate "2023.05.30"]
[SourceVersion "1"]
[SourceVersionDate "2023.05.30"]
[SourceQuality "1"]

1. d4 Nf6 2. c3 e6 3. Bg5 c5 4. e3 h6 5. Bh4 cxd4 6. exd4 Be7 7. Nd2 O-O 8. Bd3
d6 9. Ngf3 b6 10. O-O Bb7 11. a4 Nh5 12. Bxe7 Qxe7 13. Re1 Qc7 14. a5 Nd7 15.
Qa4 Rac8 16. axb6 axb6 17. Be4 Bxe4 18. Nxe4 d5 19. Ned2 Nf4 20. Qb5 Ra8 21. g3
Ng6 22. c4 Ne7 23. b3 Rfb8 24. Rec1 Ra5 25. Rxa5 bxa5 26. Qa4 dxc4 27. bxc4 Ra8
28. c5 Nb6 29. Qa3 Nbd5 30. Nc4 Nc6 31. Rb1 Qd8 32. Nce5 Ndb4 33. Nxc6 Nxc6 34.
Qa4 Qd5 35. Rb6 Rc8 36. Qb3 Qe4 37. Qe3 Qd5 38. Qb3 Qe4 39. Qe3 1/2-1/2

[Event "English Open Championship"]
[Site "Kenilworth"]
[Date "2023.05.28"]
[Round "5.4"]
[White "Willow, Jonah B"]
[Black "Pert, Richard G"]
[Result "1/2-1/2"]
[WhiteElo "2450"]
[BlackElo "2412"]
[PlyCount "51"]
[EventDate "2023.05.26"]
[EventType "swiss"]
[EventRounds "7"]
[EventCountry "ENG"]
[SourceTitle "BritBase"]
[Source "John Saunders"]
[SourceDate "2023.05.30"]
[SourceVersion "1"]
[SourceVersionDate "2023.05.30"]
[SourceQuality "1"]

1. e4 c6 2. d4 d5 3. e5 Bf5 4. Nf3 e6 5. Be2 Ne7 6. O-O Bg6 7. Nbd2 Nf5 8. Nb3
Nd7 9. c3 h5 10. a4 a5 11. Ne1 h4 12. h3 Be7 13. Nd3 Qc7 14. Bf4 b6 15. Rc1 b5
16. Nd2 O-O 17. Nf3 bxa4 18. Bg5 Qd8 19. Bxe7 Qxe7 20. Qxa4 Rfc8 21. Ra1 Bh5
22. Qa3 c5 23. dxc5 Bxf3 24. Bxf3 Nxc5 25. Nxc5 Qxc5 26. Rfb1 1/2-1/2

[Event "English Open Championship"]
[Site "Kenilworth"]
[Date "2023.05.28"]
[Round "5.5"]
[White "Wadsworth, Matthew J"]
[Black "Gormally, Daniel W"]
[Result "1-0"]
[WhiteElo "2428"]
[BlackElo "2434"]
[PlyCount "59"]
[EventDate "2023.05.26"]
[EventType "swiss"]
[EventRounds "7"]
[EventCountry "ENG"]
[SourceTitle "BritBase"]
[Source "John Saunders"]
[SourceDate "2023.05.30"]
[SourceVersion "1"]
[SourceVersionDate "2023.05.30"]
[SourceQuality "1"]

1. c4 Nf6 2. g3 g6 3. Bg2 Bg7 4. Nc3 O-O 5. d4 d6 6. h3 c6 7. Nf3 Qa5 8. O-O
Nbd7 9. e4 e5 10. Qe2 exd4 11. Nxd4 Nb6 12. Rd1 Nfd7 13. Be3 Qb4 14. Bf1 Ne5
15. a3 Qxc4 16. Qc2 Qxd4 17. Bxd4 Nf3+ 18. Kg2 Nxd4 19. Rxd4 Bxd4 20. Rd1 Bg7
21. a4 Be6 22. Ne2 a5 23. Nf4 Bc8 24. Rxd6 Nd7 25. Bc4 Ne5 26. Ba2 Ra6 27. Nd3
Nxd3 28. Rxd3 Rb6 29. Rb3 Ra6 30. Rf3 1-0

[Event "English Open Championship"]
[Site "Kenilworth"]
[Date "2023.05.28"]
[Round "5.6"]
[White "Emms, John M"]
[Black "Yao, Lan"]
[Result "1-0"]
[WhiteElo "2468"]
[BlackElo "2278"]
[PlyCount "111"]
[EventDate "2023.05.26"]
[EventType "swiss"]
[EventRounds "7"]
[EventCountry "ENG"]
[SourceTitle "BritBase"]
[Source "John Saunders"]
[SourceDate "2023.05.30"]
[SourceVersion "1"]
[SourceVersionDate "2023.05.30"]
[SourceQuality "1"]

1. d4 Nf6 2. c4 e6 3. Nc3 Bb4 4. e3 d5 5. Nf3 O-O 6. Bd3 c5 7. O-O Nc6 8. cxd5
exd5 9. dxc5 Bxc5 10. b3 Bg4 11. Bb2 Qe7 12. h3 Bxf3 13. Qxf3 Ne5 14. Qd1 Nxd3
15. Qxd3 Rad8 16. Nb5 Ne4 17. Rac1 f5 18. Bd4 a6 19. Nc3 Bxd4 20. Qxd4 Nxc3 21.
Rxc3 Qf6 22. Rd1 Qxd4 23. Rxd4 Rd7 24. g4 fxg4 25. hxg4 Rfd8 26. Kg2 Kf7 27. f4
Ke6 28. Kf3 Rd6 29. Rb4 R8d7 30. Rc8 d4 31. Rxd4 Rxd4 32. exd4 Rxd4 33. Rc7 Rd7
34. f5+ Kd6 35. Rxd7+ Kxd7 36. Ke4 Kd6 37. b4 Ke7 38. Ke5 Kf7 39. a4 g6 40. b5
axb5 41. axb5 gxf5 42. Kxf5 b6 43. Kg5 Kg7 44. Kh5 h6 45. g5 hxg5 46. Kxg5 Kf7
47. Kf5 Ke7 48. Ke5 Kd7 49. Kd5 Kc7 50. Ke6 Kb7 51. Kd7 Ka7 52. Kc7 Ka8 53.
Kxb6 Kb8 54. Ka6 Ka8 55. b6 Kb8 56. b7 1-0

[Event "English Open Championship"]
[Site "Kenilworth"]
[Date "2023.05.28"]
[Round "5.7"]
[White "Jackson, James P"]
[Black "Shearsby, Jude"]
[Result "1/2-1/2"]
[WhiteElo "2393"]
[BlackElo "2102"]
[PlyCount "38"]
[EventDate "2023.05.26"]
[EventType "swiss"]
[EventRounds "7"]
[EventCountry "ENG"]
[SourceTitle "BritBase"]
[Source "John Saunders"]
[SourceDate "2023.05.30"]
[SourceVersion "1"]
[SourceVersionDate "2023.05.30"]
[SourceQuality "1"]

1. e4 c5 2. d4 cxd4 3. c3 Nf6 4. e5 Nd5 5. Nf3 e6 6. cxd4 d6 7. Bc4 Nb6 8. Bd3
Nc6 9. O-O Be7 10. Nc3 O-O 11. Qe2 dxe5 12. dxe5 Nb4 13. Bb1 Bd7 14. Rd1 N4d5
15. Ne4 Rc8 16. Qd3 g6 17. Bh6 Re8 18. Nfg5 Nc4 19. Qg3 Qc7 1/2-1/2

[Event "English Open Championship"]
[Site "Kenilworth"]
[Date "2023.05.28"]
[Round "5.8"]
[White "Derakhshani, Borna"]
[Black "Finn, Peter"]
[Result "0-1"]
[WhiteElo "2359"]
[BlackElo "2127"]
[PlyCount "110"]
[EventDate "2023.05.26"]
[EventType "swiss"]
[EventRounds "7"]
[EventCountry "ENG"]
[SourceTitle "BritBase"]
[Source "John Saunders"]
[SourceDate "2023.05.30"]
[SourceVersion "1"]
[SourceVersionDate "2023.05.30"]
[SourceQuality "1"]

1. Nf3 d5 2. e3 Nf6 3. c4 c6 4. Nc3 e6 5. b3 Bd6 6. Bb2 e5 7. cxd5 cxd5 8. Nb5
Nc6 9. Nxd6+ Qxd6 10. Bb5 e4 11. Nd4 O-O 12. Nxc6 bxc6 13. Be2 a5 14. d3 exd3
15. Bxd3 Ba6 16. O-O Bxd3 17. Qxd3 Ng4 18. g3 Ne5 19. Qc3 f6 20. Rac1 Qe6 21.
Kg2 Qf5 22. Qc2 Qf3+ 23. Kg1 Rac8 24. Rfd1 Qg4 25. f4 Nf7 26. Bd4 Rfe8 27. Qd2
Nd6 28. Qxa5 Nf5 29. Qd2 h5 30. Qf2 c5 31. h3 Qxh3 32. Rxc5 Nxg3 33. Qf3 Rcd8
34. Rd2 Qg4 35. Qxg4 hxg4 36. Rg2 Ne4 37. Rc7 g3 38. Rgc2 Kh7 39. b4 Rb8 40. a3
Kg6 41. Ba7 Rb5 42. Rc8 Re6 43. R2c6 Rxc6 44. Rxc6 Rb7 45. Bd4 Kf5 46. Kg2 Kg4
47. Bb6 Rb8 48. Rc7 Rxb6 49. Rxg7+ Kf5 50. Rd7 Ke6 51. Ra7 Rc6 52. b5 Rc2+ 53.
Kg1 Rb2 54. a4 Kf5 55. Rg7 Rb4 0-1

[Event "English Open Championship"]
[Site "Kenilworth"]
[Date "2023.05.28"]
[Round "5.9"]
[White "Bradbury, Neil H"]
[Black "Wells, Peter K"]
[Result "0-1"]
[WhiteElo "2215"]
[BlackElo "2356"]
[PlyCount "92"]
[EventDate "2023.05.26"]
[EventType "swiss"]
[EventRounds "7"]
[EventCountry "ENG"]
[SourceTitle "BritBase"]
[Source "John Saunders"]
[SourceDate "2023.05.30"]
[SourceVersion "1"]
[SourceVersionDate "2023.05.30"]
[SourceQuality "1"]

1. d4 Nf6 2. c4 e6 3. Nf3 d5 4. g3 Bb4+ 5. Bd2 Be7 6. Bg2 c6 7. O-O Nbd7 8. Qc2
O-O 9. Rd1 Ne4 10. Be3 f5 11. Nc3 Bf6 12. Nxe4 fxe4 13. Nd2 Qe7 14. Nf1 Nb6 15.
b3 Bd7 16. a4 Nc8 17. f3 exf3 18. exf3 Nd6 19. Bf2 g5 20. Re1 Qg7 21. Rad1 Nf5
22. Qd3 h5 23. g4 hxg4 24. fxg4 Nh4 25. Ng3 Qh7 26. Qd2 Ng6 27. Be3 Qh4 28. Qd3
Nf4 29. Bxf4 gxf4 30. Qg6+ Kh8 31. Nh5 Qg5 32. Qxg5 Bxg5 33. Re5 Rg8 34. Bf3
Raf8 35. h4 Bd8 36. g5 Rf7 37. Kf2 Rh7 38. Nxf4 Bc7 39. Nd3 Rxh4 40. Ke3 Kg7
41. cxd5 cxd5 42. Rc1 Bxe5 43. Nxe5 Rc8 44. Rf1 Be8 45. Bg4 Rc3+ 46. Kf4 Bh5
0-1

[Event "English Open Championship"]
[Site "Kenilworth"]
[Date "2023.05.28"]
[Round "5.10"]
[White "Ashton, Adam G"]
[Black "Hobson, Kenneth"]
[Result "1/2-1/2"]
[WhiteElo "2344"]
[BlackElo "2104"]
[PlyCount "110"]
[EventDate "2023.05.26"]
[EventType "swiss"]
[EventRounds "7"]
[EventCountry "ENG"]
[SourceTitle "BritBase"]
[Source "John Saunders"]
[SourceDate "2023.05.30"]
[SourceVersion "1"]
[SourceVersionDate "2023.05.30"]
[SourceQuality "1"]

1. e4 e5 2. Nf3 Nc6 3. Bb5 a6 4. Ba4 Nf6 5. O-O b5 6. Bb3 Bc5 7. a4 Rb8 8. c3
d6 9. d4 Bb6 10. a5 Ba7 11. h3 Bb7 12. Be3 Nxe4 13. Re1 exd4 14. cxd4 Ne7 15.
Nbd2 Nxd2 16. Bxd2 h6 17. Qe2 Bxf3 18. Qxf3 O-O 19. Re4 d5 20. Rf4 Ng6 21. Rg4
c6 22. Bc2 Qd6 23. Qf5 Rbd8 24. h4 Rfe8 25. h5 Nf8 26. Qf3 Re6 27. Bf4 Qe7 28.
Be3 Bb8 29. Rc1 Rf6 30. Qh3 Ne6 31. Qh4 Re8 32. Bd3 Nd8 33. Bd2 Re6 34. Qh3 Kh8
35. g3 Qf6 36. Bf4 Qxd4 37. Bxh6 Qxd3 38. Bxg7+ Kh7 39. Bc3 Be5 40. Bxe5 Rxe5
41. Rf4 Re1+ 42. Rxe1 Rxe1+ 43. Kh2 Qb1 44. Qd7 Rh1+ 45. Kg2 Rxh5 46. Rxf7+
Nxf7 47. Qxf7+ Kh6 48. Qf6+ Qg6 49. Qh8+ Kg5 50. Qe5+ Qf5 51. Qg7+ Qg6 52. f4+
Kf5 53. Qe5+ Kg4 54. Qe2+ Kf5 55. Qe5+ Kg4 1/2-1/2

[Event "English Open Championship"]
[Site "Kenilworth"]
[Date "2023.05.28"]
[Round "5.11"]
[White "Boswell, Jacob Connor"]
[Black "Merriman, John"]
[Result "0-1"]
[WhiteElo "2119"]
[BlackElo "2297"]
[PlyCount "104"]
[EventDate "2023.05.26"]
[EventType "swiss"]
[EventRounds "7"]
[EventCountry "ENG"]
[SourceTitle "BritBase"]
[Source "John Saunders"]
[SourceDate "2023.05.30"]
[SourceVersion "1"]
[SourceVersionDate "2023.05.30"]
[SourceQuality "1"]

1. d4 e6 2. c4 Nf6 3. Nf3 c5 4. d5 exd5 5. cxd5 d6 6. Nc3 g6 7. Nd2 Bg7 8. e4
O-O 9. Be2 a6 10. a4 Nbd7 11. O-O Ne8 12. Nc4 Nb6 13. Bf4 Nxc4 14. Bxc4 f5 15.
Qd2 Qb6 16. Ra3 Qb4 17. Qe2 fxe4 18. Rb3 Qa5 19. Bg3 Bxc3 20. bxc3 Qxa4 21. Rb6
Ra7 22. Qxe4 Qa5 23. Rxd6 b5 24. Be2 Nxd6 25. Bxd6 Rd8 26. Bxc5 Rf7 27. Bd4 Qc7
28. Bd1 Bb7 29. Bb3 Qd6 30. Be5 Qc5 31. Bd4 Qd6 32. Be5 Qc5 33. Qh4 Re8 34. Bd4
Qd6 35. Rd1 Rf5 36. g4 Rf4 37. h3 Rfe4 38. Qf6 Qxf6 39. Bxf6 Kf7 40. g5 Re1+
41. Rxe1 Rxe1+ 42. Kh2 Ke8 43. d6 a5 44. c4 Bc6 45. cxb5 Bxb5 46. Bc3 Rb1 47.
Bg8 a4 48. Bxh7 Kf7 49. h4 Rb3 50. Be5 Bd7 51. h5 Rh3+ 52. Kg2 Rxh5 0-1

[Event "English Open Championship"]
[Site "Kenilworth"]
[Date "2023.05.28"]
[Round "5.12"]
[White "Yoon, Jacob D"]
[Black "Khandelwal, Ankush"]
[Result "0-1"]
[WhiteElo "2035"]
[BlackElo "2205"]
[PlyCount "54"]
[EventDate "2023.05.26"]
[EventType "swiss"]
[EventRounds "7"]
[EventCountry "ENG"]
[SourceTitle "BritBase"]
[Source "John Saunders"]
[SourceDate "2023.05.30"]
[SourceVersion "1"]
[SourceVersionDate "2023.05.30"]
[SourceQuality "1"]

1. d4 Nf6 2. Bf4 g6 3. Nc3 d5 4. Qd2 Bg7 5. Bh6 O-O 6. Bxg7 Kxg7 7. e3 c5 8.
dxc5 Qa5 9. Ne4 Qxd2+ 10. Nxd2 a5 11. c4 Rd8 12. Ngf3 Na6 13. cxd5 Nxc5 14. Rc1
Rxd5 15. Bc4 Rd8 16. Nb3 Na4 17. Bb5 Nxb2 18. Ke2 a4 19. Nbd4 Bg4 20. Rc2 a3
21. h3 Bxf3+ 22. Nxf3 Nd5 23. Ne5 Ra5 24. Bc4 Nb4 25. Nxf7 Rc8 26. Rxb2 axb2
27. Bb3 Rc1 0-1

[Event "English Open Championship"]
[Site "Kenilworth"]
[Date "2023.05.28"]
[Round "5.13"]
[White "Haydon, David L"]
[Black "Burrows, Martin P"]
[Result "1-0"]
[WhiteElo "2253"]
[BlackElo "2131"]
[PlyCount "83"]
[EventDate "2023.05.26"]
[EventType "swiss"]
[EventRounds "7"]
[EventCountry "ENG"]
[SourceTitle "BritBase"]
[Source "John Saunders"]
[SourceDate "2023.05.30"]
[SourceVersion "1"]
[SourceVersionDate "2023.05.30"]
[SourceQuality "1"]

1. Nf3 Nf6 2. b3 d6 3. d4 c5 4. e3 g6 5. Bb2 cxd4 6. Nxd4 Bg7 7. Bb5+ Nbd7 8.
O-O O-O 9. Nd2 a6 10. Be2 d5 11. c4 Ne5 12. cxd5 Nxd5 13. Nc4 Nxc4 14. bxc4 Nf6
15. c5 Qc7 16. Rc1 Rd8 17. Qc2 e5 18. Nf3 Nd5 19. Rfd1 Bg4 20. Qe4 Bf5 21. Qc4
Be6 22. Qa4 h6 23. Rd2 Ne7 24. Bc4 Bxc4 25. Qxc4 Nc6 26. h3 Qe7 27. Qb3 Rac8
28. Rd6 b5 29. Rcd1 Na5 30. Qd5 Re8 31. Nd2 Rc7 32. Bc3 Nb7 33. Ne4 Kh7 34.
Rxa6 f5 35. Nd6 Rxc5 36. Qb3 Rd8 37. Bb4 Rc7 38. Nxb5 Rxd1+ 39. Qxd1 Qxb4 40.
Nxc7 Qc4 41. Ra7 Qxc7 42. Qb1 1-0

[Event "English Open Championship"]
[Site "Kenilworth"]
[Date "2023.05.28"]
[Round "5.14"]
[White "Badacsonyi, Stanley"]
[Black "Ismail, Mohammed Aayan"]
[Result "1/2-1/2"]
[WhiteElo "1914"]
[BlackElo "2209"]
[PlyCount "82"]
[EventDate "2023.05.26"]
[EventType "swiss"]
[EventRounds "7"]
[EventCountry "ENG"]
[SourceTitle "BritBase"]
[Source "John Saunders"]
[SourceDate "2023.05.30"]
[SourceVersion "1"]
[SourceVersionDate "2023.05.30"]
[SourceQuality "1"]

1. d4 Nf6 2. Bg5 d5 3. Bxf6 exf6 4. e3 Bd6 5. c4 dxc4 6. Bxc4 O-O 7. Nc3 f5 8.
Nf3 Nd7 9. Qc2 Nf6 10. O-O-O c6 11. h4 b5 12. Bd3 g6 13. Ne5 Qb6 14. Nf3 Re8
15. h5 a6 16. hxg6 hxg6 17. Rh4 c5 18. Rdh1 c4 19. Be2 Be6 20. Ng5 Kg7 21. Bf3
Rac8 22. Nxe6+ fxe6 23. g4 Rh8 24. Rxh8 Rxh8 25. Rxh8 Kxh8 26. gxf5 gxf5 27. b3
Qc7 28. bxc4 Qxc4 29. Be2 Ba3+ 30. Kd1 Qc6 31. f3 Bb4 32. Nxb5 Qxc2+ 33. Kxc2
axb5 34. Bxb5 Kg7 35. Kd3 Ba3 36. Bc4 Kf7 37. e4 Ke7 38. Bb3 f4 39. e5 Nd7 40.
Ke4 Bb2 41. a4 Bc3 1/2-1/2

[Event "English Open Championship"]
[Site "Kenilworth"]
[Date "2023.05.28"]
[Round "5.15"]
[White "Southcott-Moyers, Indy"]
[Black "Seymour, Timothy P"]
[Result "1/2-1/2"]
[WhiteElo "2040"]
[BlackElo "2094"]
[PlyCount "64"]
[EventDate "2023.05.26"]
[EventType "swiss"]
[EventRounds "7"]
[EventCountry "ENG"]
[SourceTitle "BritBase"]
[Source "John Saunders"]
[SourceDate "2023.05.30"]
[SourceVersion "1"]
[SourceVersionDate "2023.05.30"]
[SourceQuality "1"]

1. d4 d5 2. c4 e6 3. Nf3 Nf6 4. Nc3 Be7 5. Bg5 Nbd7 6. e3 h6 7. Bh4 O-O 8. Rc1
c6 9. c5 e5 10. dxe5 Ne4 11. Bxe7 Qxe7 12. Qd4 Ndxc5 13. Bd3 Nxd3+ 14. Qxd3 Bf5
15. Qd4 Nxc3 16. Rxc3 Rfe8 17. O-O Be4 18. Nd2 Qxe5 19. Qxe5 Rxe5 20. Nb3 Rg5
21. f3 Bg6 22. Kf2 Re5 23. Rfc1 Re7 24. a3 Rd8 25. Nd4 f6 26. b4 a6 27. a4 Be8
28. Ra3 Rc8 29. Rac3 Ra8 30. Rc5 Bd7 31. h4 h5 32. R1c2 Kf7 1/2-1/2

[Event "English Open Championship"]
[Site "Kenilworth"]
[Date "2023.05.28"]
[Round "5.16"]
[White "Merriman, James"]
[Black "Murawski, Jan"]
[Result "1/2-1/2"]
[WhiteElo "2057"]
[BlackElo "1896"]
[PlyCount "124"]
[EventDate "2023.05.26"]
[EventType "swiss"]
[EventRounds "7"]
[EventCountry "ENG"]
[SourceTitle "BritBase"]
[Source "John Saunders"]
[SourceDate "2023.05.30"]
[SourceVersion "1"]
[SourceVersionDate "2023.05.30"]
[SourceQuality "1"]

1. d4 Nf6 2. c4 e6 3. Nc3 d5 4. cxd5 exd5 5. Bg5 Be7 6. e3 c6 7. Bd3 h6 8. Bf4
O-O 9. h3 b5 10. Nf3 b4 11. Na4 Ba6 12. O-O Qa5 13. b3 Bxd3 14. Qxd3 Nbd7 15.
Rfc1 Rac8 16. Nh4 Ne4 17. Nf5 Bf6 18. f3 Ng5 19. Nc5 Nxc5 20. Rxc5 Qb6 21. Bxg5
Bxg5 22. f4 Bf6 23. Rac1 Rc7 24. Qc2 Rfc8 25. Nd6 Rd8 26. Nf5 Rdc8 27. Qd3 h5
28. g4 hxg4 29. hxg4 g6 30. g5 Bg7 31. Nxg7 Kxg7 32. f5 Rh8 33. f6+ Kg8 34. Qe2
Qb8 35. Qg4 Qe8 36. Re1 Qd8 37. Rc2 Qd6 38. e4 dxe4 39. Rxe4 Rh5 40. Rce2 Qd5
41. Rg2 c5 42. Re8+ Kh7 43. Re7 Qd6 44. Rxc7 Qxc7 45. Re2 cxd4 46. Re7 Qc1+ 47.
Kf2 Rh2+ 48. Kf3 Qh1+ 49. Kf4 Rh4 50. Rxf7+ Kg8 51. Rg7+ Kf8 52. Rxg6 Rxg4+ 53.
Kxg4 Qe4+ 54. Kh5 Qxg6+ 55. Kxg6 d3 56. Kh7 d2 57. g6 d1=Q 58. g7+ Kf7 59.
g8=Q+ Kxf6 60. Qf8+ Ke5 61. Qe7+ Kf5 62. Qf8+ Ke5 1/2-1/2

[Event "English Open Championship"]
[Site "Kenilworth"]
[Date "2023.05.28"]
[Round "5.17"]
[White "Dilley, Jason M"]
[Black "Jakhria, Kushal"]
[Result "0-1"]
[WhiteElo "2059"]
[BlackElo "1815"]
[PlyCount "102"]
[EventDate "2023.05.26"]
[EventType "swiss"]
[EventRounds "7"]
[EventCountry "ENG"]
[SourceTitle "BritBase"]
[Source "John Saunders"]
[SourceDate "2023.05.30"]
[SourceVersion "1"]
[SourceVersionDate "2023.05.30"]
[SourceQuality "1"]

1. d4 d5 2. Bg5 f6 3. Bh4 Nh6 4. f3 c5 5. e3 Qb6 6. Nc3 e6 7. Bb5+ Nc6 8. Nge2
Nf5 9. Bf2 cxd4 10. exd4 Bd6 11. O-O Bd7 12. Qd2 Qc7 13. Bd3 Nce7 14. Nb5 Bxh2+
15. Kh1 Qb6 16. a4 Bb8 17. c4 h5 18. a5 Qd8 19. Rfe1 dxc4 20. Bxc4 a6 21. Na3
h4 22. Nf4 Qc7 23. Bxe6 Bxe6 24. Rxe6 Qxf4 25. Qxf4 Bxf4 26. Nc4 Kf7 27. Rb6
Rac8 28. b3 Ng3+ 29. Kg1 Rc7 30. Re1 Nd5 31. Rbe6 Nb4 32. Rb6 Nd3 33. Rd1 Nxf2
34. Kxf2 Re8 35. Kg1 Ne2+ 36. Kf1 Bg3 37. f4 Bxf4 38. d5 Ng3+ 39. Kf2 Rxc4 40.
bxc4 Be3+ 41. Kf3 Bxb6 42. axb6 Rd8 43. c5 Nf5 44. c6 Nd6 45. Rc1 Rb8 46. c7
Ra8 47. Ke3 Nc8 48. Rb1 Ke7 49. Kd4 Kd6 50. Kc4 g5 51. Kd4 a5 0-1

[Event "English Open Championship"]
[Site "Kenilworth"]
[Date "2023.05.28"]
[Round "5.18"]
[White "Mikalajunas, Kajus"]
[Black "Gordon, Sean"]
[Result "1/2-1/2"]
[WhiteElo "1828"]
[BlackElo "1791"]
[PlyCount "78"]
[EventDate "2023.05.26"]
[EventType "swiss"]
[EventRounds "7"]
[EventCountry "ENG"]
[SourceTitle "BritBase"]
[Source "John Saunders"]
[SourceDate "2023.05.30"]
[SourceVersion "1"]
[SourceVersionDate "2023.05.30"]
[SourceQuality "1"]

1. e4 c5 2. c3 Nf6 3. e5 Nd5 4. d4 cxd4 5. cxd4 d6 6. Nf3 Nc6 7. Bc4 dxe5 8.
Nxe5 e6 9. O-O Be7 10. Qf3 O-O 11. Nxc6 bxc6 12. Rd1 Qb6 13. b3 Ba6 14. Na3 Bf6
15. Nc2 Rfd8 16. Ba3 Rd7 17. Bc5 Qb7 18. Qd3 Bxc4 19. bxc4 Nb6 20. Rab1 Qa6 21.
Bxb6 axb6 22. Nb4 Qc8 23. Qe4 c5 24. Nc6 Rxa2 25. Rxb6 Bxd4 26. Rdb1 g6 27. Rb8
Qxb8 28. Rxb8+ Kg7 29. h4 Bxf2+ 30. Kh2 Rd1 31. Qe5+ Kh6 32. Rb3 Bg1+ 33. Kh3
Bf2 34. Kg4 Rh1 35. Rh3 f5+ 36. Kf4 Re1 37. Qf6 Re4+ 38. Kf3 Re3+ 39. Kf4 Re4+
1/2-1/2

[Event "English Open Championship"]
[Site "Kenilworth"]
[Date "2023.05.28"]
[Round "5.19"]
[White "De Coverly, Roger D"]
[Black "Pal, Rohan"]
[Result "1/2-1/2"]
[WhiteElo "1945"]
[BlackElo "1955"]
[PlyCount "58"]
[EventDate "2023.05.26"]
[EventType "swiss"]
[EventRounds "7"]
[EventCountry "ENG"]
[SourceTitle "BritBase"]
[Source "John Saunders"]
[SourceDate "2023.05.30"]
[SourceVersion "1"]
[SourceVersionDate "2023.05.30"]
[SourceQuality "1"]

1. Nf3 d5 2. g3 c6 3. Bg2 Bf5 4. d3 Nf6 5. O-O h6 6. b3 e6 7. Bb2 Be7 8. Nbd2
O-O 9. c4 Nbd7 10. Qc2 Bh7 11. a3 a5 12. Bc3 b5 13. Rfc1 b4 14. axb4 axb4 15.
Bb2 Bc5 16. Qd1 e5 17. d4 exd4 18. Bxd4 Rxa1 19. Rxa1 Bxd4 20. Nxd4 Qb6 21. e3
Ne5 22. cxd5 Nxd5 23. Bxd5 cxd5 24. N2f3 Nd3 25. Ne1 Nc5 26. Qh5 Rd8 27. Qe5
Kf8 28. h4 Be4 29. Qf4 Re8 1/2-1/2